| 000 | 00695nam a22002177a 4500 | ||
|---|---|---|---|
| 003 | OSt | ||
| 005 | 20230113131348.0 | ||
| 008 | 221007b |||||||| |||| 00| 0 eng d | ||
| 020 | _a0 9536761 1 0 | ||
| 040 | _cBiblioteca Lado V | ||
| 082 |
_a700.74 _bD668co |
||
| 100 |
_9528 _aDomela, Paul _eeditor |
||
| 245 | _aCooffe Break/ | ||
| 260 |
_aLiverpool _bLiverpool Biennial of Contemporary Art Ltd _c2006 |
||
| 300 |
_a149p. _c17x22cm |
||
| 650 |
_2Tesauro de Arte & Arquitectura _aBIENAL |
||
| 650 |
_2Tesauro de Arte & Arquitectura _aARTE |
||
| 650 |
_2Tesauro de Arte & Arquitectura _aEXHIBICION |
||
| 711 |
_aManifesta _jautor |
||
| 942 |
_2ddc _c1 _h700.74 _iD668co _n0 |
||
| 999 |
_c2777 _d2777 |
||